| 000 | 01378nam a2200301 i 4500 | ||
|---|---|---|---|
| 001 | 768714001 | ||
| 003 | CO-MdFUSB | ||
| 005 | 20220404152332.0 | ||
| 007 | ta | ||
| 008 | 200722n ||||| |||| 00| 0 spa d | ||
| 020 | _q[No incluye ISBN] | ||
| 040 |
_aCO-MdFUSB _bspa _cCO-MdFUSB _dCO-MdFUSBC _erda |
||
| 041 | _aspa | ||
| 082 |
_223 _a372.6 _bSE486 |
||
| 100 |
_aSerna Urrea, Juan Manuel _eautor |
||
| 245 |
_aIntroducción a la lingüística _c/ Juan Manuel Serna Urrea |
||
| 264 | 0 |
_a[Medellín] _bInstituto Misionero de Antropología, _c[1980] |
|
| 300 | _c; | ||
| 336 |
_2rdacontent _atexto _btxt |
||
| 337 |
_2rdamedia _asin mediación _bn |
||
| 338 |
_2rdacarrier _avolumen _bnc |
||
| 490 | 1 | _aInstituto Misionero de Antropología | |
| 505 | _aGuía para la utilización del módulo -- Introducción -- Primera unidad: La lingüística como ciencia de la comunicación y los hechos del lenguaje -- Segunda unidad: Antecedentes históricos y rupturas epistemológicas de la lingüística -- Tercera unidad: El estructuralismo Ferdinand de Sawsswre y la Escuela de Ginebra -- Cuarta unidad: Lingüística de la lengua los niveles de análisis -- Quinta unidad: la lengua espaola ayer y hoy -- La lucha de fuerzas en torno a la fijación de una norma lingüística -- Bibliografía | ||
| 653 | _aLingüística | ||
| 830 | _n16 | ||
| 942 | _cBK | ||
| 945 | _aDani | ||
| 999 |
_c66549 _d66549 |
||